[Event "Fermi-Dragons"]
[Site "?"]
[Date "2000.02.10"]
[Round "?"]
[White "Spiegel, L"]
[Black "Pfeijffers, S"]
[Result "0-1"]
[WhiteElo "2023"]
[BlackElo "1961"]
[PlyCount "76"]
[EventDate "2000.??.??"]

1. e4 d6 2. d4 g6 3. Nc3 Bg7 4. Bc4 c5 5. Nge2 cxd4 6. Nxd4 6... Nc6 { } 7.
Nde2 Nf6 8. O-O a6 9. a4 9... O-O { } 10. Kh1 Bd7 11. f4 Qb6 12. Qe1 { } 12...
Nb4 13. Bd3 (13. Bb3 Be6 14. f5 (14. Bxe6 $2 14... fxe6 {
strengthens Black's center}) 14... Bxb3 15. cxb3 {
Whites Pawns are scattered for no concrete reason}) 13... Rac8 14. Qh4 14...
Bg4 { threat: BxN wins c-Pawn} 15. a5 Qa7 16. Ng3 16... Bd7 { } 17. f5 Nxd3 18.
cxd3 18... Qd4 {
Black's position looks solid, but watch White create weaknesses!} 19. Bh6 (19.
Rf3 $2 19... gxf5 $1 {taking advantage of e4-pin to Queen} 20. Nce2 (20. Nxf5
$2 20... Bxf5 21. Rxf5 Qxd3 22. h3 (22. Rg5 $4 22... Qf1#) (22. Qf2 Nxe4))
20... Qb4 21. Nxf5 Bxf5 22. Rxf5 Rc2) (19. Nce2 Qb4 20. d4 $5 {idea 21 e5})
19... Bxh6 20. Qxh6 20... Qxd3 { This opens a line for White's Rooks. Looks to
be the turning point in the game.} (20... Ng4 21. Qd2 {otherwise Nf2+} 21... e6
{forces f open.}) 21. Rad1 Qc4 22. e5 $1 22... Ng4 (22... dxe5 { } 23. fxg6 (
23. Nce4 $2 23... Nxe4 24. Nxe4 (24. Rxd7 $4 24... Nxg3+ 25. hxg3 Qxf1+) 24...
Bxf5 (24... Qxe4 25. Rxd7)) 23... hxg6 24. Rxf6 $5 24... exf6 25. Rxd7 25...
Rc7 {White has enough material for Rook, but the Knights aren't effective.})
23. Qg5 { } 23... f6 {really weakens King} (23... h6 $2 24. Qxe7) (23... Nxe5
24. Qxe7 (24. fxg6 Nxg6) 24... Bc6 {
White wins the Pawn back, but at least Black survives}) 24. exf6 exf6 25. Qd2
25... Qc5 { } 26. Nd5 {with solid fork threat Ne7+} (26. Qxd6 Qxd6 (26... Nf2+
27. Rxf2 Qxf2 28. Qxd7 Rfd8 29. Qe6+ { } 29... Kg7 30. Qe7+ Kh6 31. Rxd8 31...
Rxd8 {White would have an edge if he could settle back-/2nd-rank problems} 32.
Qxd8 $4 32... Qe1+) 27. Rxd6 27... Bc6 {isn't definitive enough to choose})
26... Rce8 (26... Kh8 27. fxg6 hxg6 28. Ne7) (26... Kg7 27. b4 $1 27... Qc2 (
27... Qc6 28. Ne7) (27... Qa7 28. Nb6) 28. Qd4 {
taking over the center, Rd2 coming, etc}) 27. Rc1 27... Qa7 { } 28. Rc7 (28.
Nb6 Bc6 29. Qxd6 Rd8 30. Qe6+ 30... Kg7 {leads nowhere}) (28. fxg6 hxg6 29. Nb6
Bc6 30. Qxd6 { } 30... Re2 (30... Rd8 $2 31. Qe6+ {wins Knight}) (30... Ne3 31.
Rxf6) (30... Qb8 31. Rxc6 bxc6 32. Qxb8 Rxb8 33. Nd7 Rxb2 34. Nxf8 34... Kxf8 {
is interesting} 35. h3 Nf2+ 36. Kg1) 31. Rxc6 $5 31... bxc6 32. Qd3 {
forking Re2 and Qxg6+ (then QxN)} 32... Rxb2 33. Qd4 (33. Qxg6+ $2 {idea QxN}
33... Qg7 $1) 33... Rb5 34. Qxg4) 28... Bc6 (28... Rf7 {actually works} 29. h3
Ne3 (29... Nh6 $2 30. Rxd7 $1 30... Rxd7 31. Nxf6+) 30. Nxe3 Rxe3 31. Qxd6 (31.
Rxb7 Qc5 32. Rc1 Qe5) 31... Ree7) 29. fxg6 hxg6 30. Ne7+ Kh8 31. Nxg6+ Kg8 32.
Ne7+ 32... Kh8 { } 33. Nxc6 Qe3 34. Qc2 {threat Qh7#} (34. Qxe3 Rxe3 (34...
Nxe3 35. Rb1 {preparing to push b-Pawn after Rxb7}) 35. Rxb7 {
is simple enough for White}) 34... Qh6 {threat Qxh2# } 35. h3 bxc6 36. Nf5
36... Qh5 { } 37. Ng7 Qb5 38. Rf5 $4 {Probably a cursed time error...} (38.
hxg4 Qxf1+) (38. Qf5 Ne3 (38... Qxf5 39. Nxf5 (39. Rxf5 $4 39... Re1+)) 39.
Qxb5 39... cxb5 { } 40. Rxf6 (40. Rf4 Nd5 41. Rh4+ Kg8 42. Ra7 Rf7 43. Rxf7
Kxf7 44. Nf5) 40... Rxf6 41. Nxe8 41... Nc4 {
is  better for White, with connected passers and Black's Pawn problems} (41...
Re6 42. Rc8) (41... Rf8 42. Nxd6) 42. Rc6) (38. Rc1 Re2 39. Qg6) 38... Re1+ 0-1

[Event "Dragons-Fermi"]
[Site "?"]
[Date "2000.02.10"]
[Round "?"]
[White "Dobrovolny, C"]
[Black "Cease, H"]
[Result "1-0"]
[WhiteElo "1799"]
[BlackElo "1266"]
[PlyCount "127"]
[EventDate "2000.??.??"]

1. e4 e5 2. f4 d6 3. Nf3 Nf6 4. Nc3 exf4 5. d4 d5 6. e5 Ne4 7. Bxf4 Bb4 8. Bd2
Bg4 9. Nxe4 dxe4 10. Bxb4 exf3 11. Qd2 fxg2 12. Bxg2 Qh4+ 13. Qf2 Qxf2+ 14.
Kxf2 c6 15. h3 Be6 16. b3 Bd5 17. c4 Bxg2 18. Kxg2 Na6 19. Ba3 O-O-O 20. Rad1
Rd7 21. d5 cxd5 22. cxd5 Rhd8 23. Bd6 b6 24. Rc1+ Kb7 25. Rhf1 Nc5 26. Bxc5
bxc5 27. Rxc5 Rc8 28. Rxc8 Kxc8 29. e6 fxe6 30. dxe6 Re7 31. Rf7 Rxe6 32. Rxa7
Rg6+ 33. Kf3 h5 34. Ra4 Rf6+ 35. Rf4 Ra6 36. a4 g5 37. Rf8+ Kb7 38. Rf7+ Kb8
39. Rf8+ Kb7 40. Rf7+ Kb8 41. Rf5 Rg6 42. b4 g4+ 43. hxg4 hxg4+ 44. Kg3 Kc7 45.
Rf4 Kb6 46. Rxg4 Rxg4+ 47. Kxg4 Kc6 48. Kf4 Kd5 49. Kf5 Kc4 50. a5 Kb5 51. Ke5
Ka6 52. Kd5 Kb5 53. Kd6 Ka6 54. Kc6 Ka7 55. b5 Ka8 56. b6 Kb8 57. b7 Ka7 58.
Kc7 Ka6 59. b8=Q Kxa5 60. Kc6 Ka4 61. Kc5 Ka3 62. Kc4 Ka2 63. Kc3 Ka1 64. Qb2#
1-0

[Event "Dragons"]
[Site "?"]
[Date "2000.02.10"]
[Round "?"]
[White "Eustace, D"]
[Black "Altshuller, D"]
[Result "0-1"]
[WhiteElo "1596"]
[BlackElo "1824"]
[PlyCount "64"]
[EventDate "2000.??.??"]

1. e4 c5 2. Nf3 d6 3. d4 cxd4 4. Nxd4 Nf6 5. Nc3 g6 6. Be3 Bg7 7. f3 O-O 8. Bc4
Bd7 9. Qd2 Nc6 10. O-O-O Rc8 11. Bb3 Ne5 12. Bh6 Nc4 13. Qg5 Bxh6 14. Qxh6 Qa5
15. f4 Nxb2 16. Kxb2 Qxc3+ 17. Kb1 Nxe4 18. Rd3 Nd2+ 19. Rxd2 Qxd2 20. Nf3 Qc3
21. Ng5 Qg7 22. Qh4 a5 23. a4 b5 24. axb5 Bxb5 25. Re1 Rc7 26. Re3 a4 27. Bd5
Bc4 28. Bxc4 Rxc4 29. Rxe7 Rb8+ 30. Kc1 Qb2+ 31. Kd2 Qxc2+ 32. Ke3 Rb3# 0-1

[Event "Dragons-Tyros"]
[Site "?"]
[Date "2000.03.07"]
[Round "?"]
[White "Tegel, F"]
[Black "Stinson, M"]
[Result "1-0"]
[WhiteElo "2112"]
[BlackElo "1969"]
[PlyCount "49"]
[EventDate "2000.??.??"]

1. Nf3 g6 2. g3 Bg7 3. Bg2 d6 4. d4 c6 5. e4 Nd7 6. c3 e5 7. O-O Ne7 8. Be3 O-O
9. Nbd2 f5 10. exf5 gxf5 11. Qb3+ d5 12. Nxe5 Nxe5 13. dxe5 Bxe5 14. f4 Bf6 15.
Nf3 Kg7 16. Rfe1 Qc7 17. Bd4 Ng6 18. Re3 Bd7 19. Rae1 b6 20. Bxf6+ Rxf6 21. c4
dxc4 22. Qxc4 b5 23. Qd4 c5 24. Re7+ Nxe7 25. Rxe7+ 1-0

[Event "Tyros-Dragons"]
[Site "?"]
[Date "2000.03.07"]
[Round "?"]
[White "Diaz, P"]
[Black "Pehas, A"]
[Result "1-0"]
[WhiteElo "1941"]
[BlackElo "1922"]
[PlyCount "85"]
[EventDate "2000.??.??"]

1. c4 c6 2. e4 d5 3. exd5 cxd5 4. d4 Nf6 5. Nc3 e6 6. Nf3 Bb4 7. Bd3 O-O 8. O-O
Nc6 9. Bg5 Be7 10. Re1 10... Nb4 { } 11. Bf1 (11. Bb1 dxc4 12. Ne5 Qc7 13. a3 {
idea: Qc2, h4-5 White gets a nice attack for the weak c-Pawn}) 11... dxc4 12.
Bxc4 { White has built a standard isolated QP position. A natural attack
develops with moves like Ne5,Re3-h3,Bd3} 12... b6 13. a3 (13. Ne5 Nfd5 (13...
Bb7 {allows} 14. Re3) 14. Bxe7 Nxe7 (14... Qxe7 15. a3 Na6 16. Nxd5 exd5 17.
Bxa6 Bxa6 18. Ng6 {wins the exchange}) 15. Re3) 13... Nbd5 14. Qe2 Bb7 15. Ne5
15... Rc8 { } 16. Ba6 (16. Rad1 {
with Rd3-g3/h3 coming, White still wants to build an attack-- but} 16... Qc7 {
forces trades to avoid loss of Pawn}) (16. Rac1 16... Qc7 $2 17. Nxd5 Nxd5 18.
Bxd5 {wins a piece}) 16... Bxa6 17. Qxa6 Nxc3 18. bxc3 Rxc3 19. Qxa7 {
Black has two inviting Pawn targets and an excellent post for Knight at d5,
but has to free Queen from protection of Bishop at e7.} 19... Qc7 (19... Qxd4
$2 20. Qxe7) (19... Nd5 $2 20. Bxe7 Qxe7 (20... Nxe7 21. Nd7 {still works}) 21.
Qxe7 Nxe7 22. Nd7 Ra8 23. a4 $1) (19... h6 20. Bxf6 Bxf6 21. Nd7 21... Re8 { }
22. Nxf6+ (22. Nxb6 $2 22... Bxd4 23. Red1 Qxb6) 22... gxf6 {messes up the
Black King, but Re7 will bring his last piece strongly into the game}) 20. Qxc7
20... Rxc7 { Black can't so easily pressure Pawns with Queens off} 21. Reb1
21... Ra7 $2 (21... Nd5) 22. Nc6 Rd7 23. Nxe7+ Rxe7 24. Rxb6 Rd7 25. Bxf6 gxf6
26. Rb4 26... Rfd8 {
Black will win his Pawn back, but have to fight the outside passer.} 27. g3 (
27. Rd1 e5 28. Kf1 $1 {if Black trades to Pawn ending, White wins easily. So
the Black Pawns are willing targets for Rook(s).} 28... exd4 29. Rd3 {
and walk the King to support passer}) 27... Rxd4 28. Rxd4 Rxd4 29. a4 Rd6 30.
a5 Ra6 31. Kg2 { Black's defensive task is to stop opponent's King from
reaching passer or weakened Kingside.} 31... Kg7 (31... f5 $1 32. Kf3 Kg7 33.
Kf4 33... Kf6 { and Black's King follows his counterpart wherever...}) 32. Kf3
32... Kg6 {apparently placing hopes on creating an escorted passer of his own.
The f5! move is still available} 33. Ke4 Kg5 34. f3 { } 34... h5 35. h4+ Kg6
36. Ra3 f5+ 37. Kd4 {  now White's King breaks through and the game is over}
37... f6 38. Kc5 e5 39. Kb5 Ra8 40. a6 e4 41. f4 Re8 42. a7 42... e3 {
Oh, for one tempo!} 43. a8=Q 1-0

[Event "Dragons-Tyros"]
[Site "?"]
[Date "2000.03.07"]
[Round "?"]
[White "Altshuller, D"]
[Black "Stoltz, R"]
[Result "0-1"]
[WhiteElo "1824"]
[BlackElo "1844"]
[PlyCount "40"]
[EventDate "2000.??.??"]

1. e4 c5 2. Nf3 d6 3. d4 cxd4 4. Nxd4 Nf6 5. Nc3 a6 6. Bc4 e6 7. Bb3 Be7 8. f4
O-O 9. Be3 Nc6 10. Qf3 Qc7 11. g4 Nxd4 12. Bxd4 b5 13. g5 Nd7 14. Qh5 Nc5 15.
Nd5 Qb7 16. f5 Nxb3 17. Nxe7+ Qxe7 18. Bxg7 exf5 19. Bxf8 Qxe4+ 20. Kf2 Qxc2+
0-1

[Event "Tyros-Dragons"]
[Site "?"]
[Date "2000.03.07"]
[Round "?"]
[White "Hahne, D"]
[Black "Dobrovolny, C"]
[Result "1-0"]
[WhiteElo "1549"]
[BlackElo "1797"]
[PlyCount "45"]
[EventDate "2000.??.??"]

1. d4 Nf6 2. c4 g6 3. Nc3 d5 4. cxd5 Nxd5 5. Nf3 Bg7 6. e4 Nxc3 7. bxc3 O-O 8.
Bc4 c5 9. O-O { A standard Exchange Gruenfeld} 9... Qc7 10. Qc2 Nc6 11. Be3 Na5
12. Bd3 { } 12... cxd4 (12... Bg4 {threatens to mess up White's Kingside}) (
12... Rd8 {Keeps attacking keysqaure d4. If White plays d5, Black can attack
the Pawn with -e6.}) 13. cxd4 Qxc2 14. Bxc2 { Current mainlines don't trade
Queens, especially with Knight at a5 which is always supported by the Queen.
Black has no pressure against the center and thus his pieces can't find safe
squares} 14... Bd7 (14... Nc4 {
Kicks Bishop and prepares -b5/-a5 to get the counterplay started.}) 15. Bd3 Nc6
(15... b5) 16. Rab1 16... Bg4 { } 17. d5 Na5 18. Bc5 Bxf3 19. gxf3 {
White has too many center Pawns and his Bishops are hyperactive.} 19... Bf6 20.
f4 b6 21. Bb4 21... Rfd8 { } 22. e5 22... Rxd5 $2 23. Be4 {
A surprisingly quick upset!} 1-0

[Event "Dragons-Tyros"]
[Site "?"]
[Date "2000.03.07"]
[Round "?"]
[White "Blackmon, E"]
[Black "Thomas, G"]
[Result "1-0"]
[WhiteElo "1796"]
[BlackElo "1535"]
[PlyCount "51"]
[EventDate "2000.??.??"]

1. e4 c5 2. Nf3 Nc6 3. d4 cxd4 4. Nxd4 Nf6 5. Nc3 e6 6. a3 h6 7. Be2 Bc5 8. Be3
Qe7 9. O-O O-O 10. Qd2 a6 11. Rfd1 Ne5 12. h3 b5 13. b4 Ba7 14. Nf3 Nc4 15.
Bxc4 Bxe3 16. Qxe3 bxc4 17. e5 Nd5 18. Nxd5 exd5 19. Rxd5 Bb7 20. Rc5 Rac8 21.
Rxc8 Rxc8 22. Nd4 Re8 23. Re1 Qe6 24. Nxe6 dxe6 25. Qb6 Bc8 26. Rd1 1-0

[Event "Reader-Columbia"]
[Site "?"]
[Date "2000.03.09"]
[Round "?"]
[White "Sullivan, C"]
[Black "Hayes, W"]
[Result "0-1"]
[WhiteElo "1508"]
[BlackElo "1964"]
[PlyCount "82"]
[EventDate "2000.??.??"]

1. e4 g6 2. Bc4 Bg7 3. Qf3 e6 4. Nh3 d6 5. c3 Nf6 6. d4 O-O 7. Bg5 e5 8. Nd2 c6
9. dxe5 dxe5 10. O-O-O Bg4 11. Qxg4 Nxg4 12. Bxd8 Rxd8 13. Be2 Nf6 14. f3 Bh6
15. g4 Bxd2+ 16. Rxd2 Rxd2 17. Kxd2 Nbd7 18. b4 Nb6 19. c4 Rd8+ 20. Kc3 Nbd7
21. Rd1 Kf8 22. c5 Ng8 23. a4 Ke8 24. b5 Nxc5 25. Rxd8+ Kxd8 26. Kb4 Ne6 27.
Bc4 c5+ 28. Ka5 Nd4 29. Ng1 Ne6 30. Bd5 Kc7 31. Nh3 h6 32. f4 Nxf4 33. Nxf4
exf4 34. e5 Ne7 35. Bxf7 f3 36. h4 g5 37. hxg5 hxg5 38. Bc4 f2 39. Bf1 Nd5 40.
Bh3 Ne3 41. e6 Nc4# 0-1

[Event "Reader-Columbia"]
[Site "?"]
[Date "2000.03.09"]
[Round "?"]
[White "Carter, L"]
[Black "Rogers, N"]
[Result "0-1"]
[WhiteElo "1463"]
[BlackElo "1924"]
[PlyCount "87"]
[EventDate "2000.??.??"]

1. Nf3 d5 2. g3 Nf6 3. Bg2 Nc6 4. O-O e5 5. d3 Be7 6. Nbd2 Bf5 7. Re1 Bc5 8. e3
O-O 9. h3 Qd7 10. Kh2 Rae8 11. b3 a5 12. Bb2 b5 13. Nxe5 Qe6 14. Nxc6 Qxc6 15.
d4 Bd6 16. c4 Ne4 17. cxd5 Qxd5 18. Nxe4 Bxe4 19. Bxe4 Rxe4 20. f3 Rh4 21. f4
Rh6 22. e4 Qe6 23. d5 Qe7 24. Qg4 Bb4 25. Re2 Qd7 26. a3 Be7 27. e5 Rg6 28. Qf3
Rh6 29. g4 Bg5 30. Qe4 Rh4 31. e6 fxe6 32. Qxe6+ Qxe6 33. dxe6 Bxf4+ 34. Kg2 h5
35. Rf1 Bd6 36. Rxf8+ Kxf8 37. gxh5 Rxh5 38. Bc1 Ke7 39. a4 bxa4 40. bxa4 Rd5
41. Be3 Bb4 42. h4 Rd6 43. Bg5+ Ke8 44. Kf3 {Black won in 40 more moves} 0-1

[Event "Reader-Columbia"]
[Site "?"]
[Date "2000.03.09"]
[Round "?"]
[White "Marsh, M"]
[Black "Groeger, D"]
[Result "0-1"]
[WhiteElo "1125"]
[BlackElo "1725"]
[PlyCount "80"]
[EventDate "2000.??.??"]

1. e4 d5 2. exd5 Nf6 3. Nc3 Nxd5 4. Bc4 c6 5. d4 Bf5 6. Nge2 e6 7. Nf4 Nxf4 8.
Bxf4 Bd6 9. Bxd6 Qxd6 10. O-O O-O 11. Re1 Rd8 12. Ne2 Nd7 13. c3 Nf6 14. g3 Bg4
15. Qd3 c5 16. f3 Bf5 17. Qd1 Qc6 18. Kf2 cxd4 19. cxd4 Qxc4 20. Qb3 Qxb3 21.
axb3 a6 22. Red1 Bc2 23. Rd2 Bxb3 24. Ra3 Bd5 25. Nc3 Rac8 26. Na4 Rc6 27. Nc5
Rb6 28. Na4 Rb5 29. Nc5 Bc6 30. Rad3 Nd5 31. Nb3 Nb6 32. Rd1 Nc4 33. Rb1 Rxb3
34. Rxb3 Nd2 35. Rxb7 Bxb7 36. Rc1 Nxf3 37. Rc7 Bd5 38. Ra7 Ra8 39. Rd7 Nxd4
40. Ke3 Nb5 0-1

[Event "CCDOC-Chargers"]
[Site "?"]
[Date "2000.03.16"]
[Round "?"]
[White "Williams, K"]
[Black "Marcowka, B"]
[Result "0-1"]
[WhiteElo "2048"]
[BlackElo "2028"]
[PlyCount "90"]
[EventDate "2000.??.??"]

1. d4 Nf6 2. Nf3 e6 3. e3 c5 4. c3 { } 4... cxd4 {
This only helps White develop his problem Bishop at c1.} 5. exd4 Be7 6. Bd3 Qc7
7. Bg5 b6 8. Qe2 Bb7 9. Nbd2 h6 10. Bh4 {**ERRATA GAME++ START HERE** } 10...
Nh5 11. Bxe7 (11. Bg3 Nxg3 12. hxg3 {Opens lines to Black's Kingside}) 11...
Nf4 12. Qe3 $4 {walks into a fork!} 12... Kxe7 { } (12... Nxg2+) 13. g3 (13.
Bc2 {hard to see a future for the Bishop here.}) ({If White intends g3,} 13.
Bf1 {sends Bishop to protect the weakened light squares.}) 13... Nxd3+ 14. Qxd3
d6 15. O-O {
Black may already have a won position as White's King is a sitting duck.} 15...
Nd7 16. Rfe1 Nf6 (16... Rag8 {So the King can move to d8 or f8}) 17. c4 { }
17... Rhe8 {
White's move d5 isn't scary because Black can undermine it with -b5.} 18. Rac1
Kf8 19. b4 Rad8 20. Qe3 { White has got Black's attention. I still would get
in -g5 now to threaten g4 and attack. White's c5 would only assure Black owns
the light squares.} 20... Qd7 21. b5 e5 22. d5 {
Black has allowed himself to be stifled.} 22... Qg4 23. Ne4 Nxe4 24. Qxe4 Bc8
25. a4 Qxe4 26. Rxe4 { g5 with idea of f5 assures Black of space somewhere.}
26... Re7 27. Rce1 Rc7 28. g4 g5 29. Nd2 { } 29... Kg7 (29... f5 {forces} 30.
gxf5 30... Bxf5 { Black is clearly on top.}) 30. f3 Kg6 31. R4e3 { } 31... h5 {
this messes up his Pawn structure} 32. h3 hxg4 33. fxg4 (33. hxg4 {
"Capture toward center"} 33... Rh8 34. R3e2 f5 35. gxf5+ Bxf5 36. Rh2 Rxh2 37.
Kxh2 Rh7+ 38. Kg3 38... Rh4 { } 39. a5 $5 39... Bd3 (39... bxa5 {
Allows White to get rid of the Pawns.} 40. Ra1 Bd3 41. Rxa5 Bxc4 42. Nxc4 42...
Rxc4 { } 43. Ra6 $1 (43. Rxa7 Rc5 44. b6 Rxd5 45. b7 Rb5 46. Ra6 Rxb7 47. Rxd6+
Kf5)) 40. axb6 40... axb6 { } 41. Ne4 $1 { } ({Passive defense with} 41. Rc1
41... Kf5 42. Rc3 { } 42... Rd4 {
White is completely tied down and Black can create a mobile passer with -e4.} (
42... Be2 43. Re3 Bd1 44. Ra3 {going for Black's Pawns.})) 41... Bxe4 (41...
Bxc4 $2 42. Nxd6 Bxd5 43. Rxe5 {is at least even}) 42. fxe4 42... Rh8 { } 43.
Ra1 $1 {Active placement over passive defense is interesting again!} (43. Kg4
Rc8 44. Rc1 44... Ra8 { and Black invades along 2nd rank}) 43... Rc8 44. Ra6 { 
} 44... Rxc4 45. Rxb6 Rxe4 46. Rxd6+ Kf5 47. Rc6 { } 47... Rb4 (47... Re3+ 48.
Kf2 Ke4 49. Rg6 $1 { } 49... Rb3 50. Rxg5 {draws}) 48. b6 e4 49. d6 49... Ke6 {
} 50. d7+ $1 50... Kxd7 51. Rg6 {
draws because Black's King is cut off from defending e-Pawn}) 33... f5 34.
gxf5+ 34... Bxf5 { Now the h3-Pawn is an easy target.} 35. Kg2 Rh8 36. Rf1 Rh4
37. Ref3 { } 37... Rf4 38. Rxf4 (38. h4 $2 38... Rxf3 39. Nxf3 (39. Rxf3 gxh4)
39... Rxc4 { } 40. hxg5 40... Rxa4 {
White is a Pawn down and remaining ones are a mess.}) (38. Ra3 Rxf1 39. Kxf1
39... e4 { With idea of invading to d4 or f4 with King} (39... Rh7 40. Kg2 e4
41. Re3 Rh4 42. Nb3)) 38... gxf4 { White has traded into a lost position.} 39.
Kf3 Rh7 40. Rh1 { } 40... Bxh3 (40... Rxh3+ $2 41. Rxh3 Bxh3 42. Ne4 {
White wins Pd6.}) 41. Rg1+ ({White can't complicate with} 41. Ne4 $5 41... Bg4+
42. Kxg4 42... Rxh1 { White creates a passer and can then try for Pa7 as well.
Meanwhile, Black's connected passers are held by White King.} 43. Nxd6 Kf6 44.
Ne4+ (44. Nc8 Rh7) 44... Ke7 { } 45. Kf5 Rh5+ (45... f3 $2 46. Kg4 Rf1 47. Nd2
{White gets rid of a passer.}) 46. Kg4 { } 46... Rh2 $1 {
Forcing White King to stay around to stop f-Pawn.} 47. Kf3 (47. Kf5 $2 47... f3
48. Kxe5 f2) (47. Ng5 $2 {threatening fork at f3} 47... Rg2+ 48. Kf5 48...
Rxg5+ $1 {and the f-Pawn queens}) 47... Rc2 {
Once c-Pawn is gone, Black can trade off Knight and easily win the Pawn ending.
}) 41... Kf7 42. Ne4 Ke7 43. Ng5 43... Rh5 { } 44. Nxh3 (44. Ne4 {
threatens Rg7+ winning Pa7} 44... Bf5 45. Rg7+ Kf8 46. Rxa7 {
but White loses Knight now} 46... Rh3+ 47. Kg2 f3+ (47... Bxe4+ $2 48. Kxh3))
44... Rxh3+ 45. Ke4 45... Rc3 { } 0-1

[Event "Chargers-CCDOC"]
[Site "?"]
[Date "2000.03.16"]
[Round "?"]
[White "McCarthy, D"]
[Black "Alexander, W"]
[Result "1-0"]
[WhiteElo "1730"]
[BlackElo "1714"]
[PlyCount "71"]
[EventDate "2000.??.??"]

1. e4 c5 2. c3 Nc6 3. d4 cxd4 4. cxd4 d6 5. Nf3 Nf6 6. d5 Nb8 7. Nc3 g6 8. Be3
Bg7 9. Bb5+ Bd7 10. Bxd7+ Nbxd7 11. O-O O-O 12. Rc1 a6 13. Qb3 b6 14. Nd4 Nc5
15. Qc2 e6 16. b4 Ncd7 17. dxe6 Ne5 18. exf7+ Rxf7 19. Ne6 Qb8 20. Nd5 Nxd5 21.
exd5 Ng4 22. Bf4 Be5 23. Bxe5 Nxe5 24. f4 Nd7 25. f5 Ne5 26. fxg6 Rxf1+ 27.
Rxf1 Nxg6 28. Rf6 Qb7 29. Qf5 Re8 30. Rxg6+ hxg6 31. Qxg6+ Kh8 32. Qxe8+ Kh7
33. Qh5+ Kg8 34. Qg6+ Kh8 35. Ng5 Qe7 36. Nf7+ 1-0

[Event "CCDOC-Chargers"]
[Site "?"]
[Date "2000.03.16"]
[Round "?"]
[White "Hall, A"]
[Black "Radavicius, E"]
[Result "1-0"]
[WhiteElo "1507"]
[BlackElo "1620"]
[PlyCount "103"]
[EventDate "2000.??.??"]

1. f4 d5 2. d4 Bf5 3. e3 h6 4. Nf3 e6 5. Be2 Nf6 6. O-O Be7 7. c4 c6 8. c5 O-O
9. Ne5 Nbd7 10. Nc3 Ne4 11. Nxe4 Bxe4 12. Bf3 Bh7 13. Qb3 Nxe5 14. fxe5 b6 15.
cxb6 axb6 16. Qc3 Rc8 17. b4 f6 18. Bg4 f5 19. Be2 c5 20. bxc5 bxc5 21. Ba6 Rc7
22. a4 cxd4 23. Qxd4 Qa8 24. Bb5 g5 25. Ba3 Bxa3 26. Rxa3 Qa5 27. Qb2 Rfc8 28.
Qe2 Bg6 29. Raa1 Rc2 30. Qf3 R2c3 31. Bd7 R8c4 32. Bxe6+ Kg7 33. Bxd5 g4 34.
Qd1 Rc5 35. Be6 Qc7 36. a5 Be8 37. Bxf5 Rxe5 38. Qxg4+ Kh8 39. Qf4 Qg7 40. a6
Bc6 41. e4 Rc2 42. g3 Re7 43. Qb8+ Qg8 44. a7 Re8 45. Qd6 Qg7 46. Rac1 Rxc1 47.
Rxc1 Qxa7+ 48. Kh1 Bxe4+ 49. Bxe4 Rxe4 50. Qxh6+ Kg8 51. Qg6+ Kf8 52. Qxe4 1-0

[Event "Chargers-CCDOC"]
[Site "?"]
[Date "2000.03.16"]
[Round "?"]
[White "Thomas, J"]
[Black "Jackson, S"]
[Result "1-0"]
[WhiteElo "1565"]
[BlackElo "1436"]
[PlyCount "67"]
[EventDate "2000.??.??"]

1. e4 c5 2. Nf3 Nc6 3. d4 3... e6 { } 4. d5 exd5 5. exd5 Qe7+ 6. Be2 { } 6...
Ne5 7. Nxe5 Qxe5 8. O-O Bd6 9. g3 { Black is promised a uphill battle since
development of his Queenside will be slow.} 9... Ne7 10. Bc4 O-O 11. Re1 11...
Qf6 { } 12. Nc3 Nf5 13. Ne4 { } 13... Qg6 14. Nxd6 Nxd6 15. Bd3 Qf6 16. c3 { }
16... c4 17. Bc2 b6 18. h4 h6 19. Bf4 { } 19... Re8 $2 {
Black now must lose at least a piece!} ({If} 19... Bb7 {to protect backrank,}
20. Be5 $1 {is a strong move, forcing Queen into discovery.}) (19... Nb7 {
idea Nc5} 20. Qe2 { } 20... b5 21. a4 $1) 20. Bxd6 Rxe1+ 21. Qxe1 21... Qxd6 { 
} 22. Qe8+ {forced!} 22... Qf8 { } 23. Bh7+ $1 23... Kxh7 24. Qxf8 {
White won in 10 more moves} 24... Bb7 25. Qxf7 b5 26. Re1 a5 27. Re7 Rg8 28.
Rxd7 Bc8 29. Rc7 Bg4 30. f3 Bh3 31. d6 b4 32. Rxc4 Kh8 33. g4 h5 34. Qxh5# 1-0